[Event "BL2-Nord 0304"]
[Site "Germany"]
[Date "2004.??.??"]
[Round "?.2"]
[White "Schilow, Wladimir"]
[Black "Sebastian, Dirk"]
[Result "0-1"]
[WhiteElo "2430"]
[BlackElo "2360"]
[PlyCount "52"]
[EventDate "2003.10.??"]
[EventType "team-tourn"]
[EventRounds "9"]
[EventCountry "GER"]
[SourceTitle "CBM 100 Extra"]
[Source "ChessBase"]
[SourceDate "2004.07.06"]
[SourceVersion "2"]
[SourceVersionDate "2004.07.06"]
[SourceQuality "1"]
[WhiteTeam "Kreuzberg"]
[BlackTeam "Hamburger SK II"]
[WhiteTeamCountry "GER"]
[BlackTeamCountry "GER"]

1. e4 e5 2. Nf3 Nc6 3. Bb5 a6 4. Ba4 Nf6 5. 0-0 Bc5 6. Bxc6 dxc6 7. d3 Qe7 8. Be3 Bxe3 9. fxe3 Bg4 10. Nc3 0-0 11. h3 Bxf3 12. Qxf3 Rad8 13. Ne2 Rd6 14. g4 h6 15. Qg3 Re6 16. Rf5 Qb4 17. Rb1 Qd2 18. Nc3 Qxc2 19. Rxe5 Rxe5 20. Qxe5 Qxd3 21. Qf4 b5 22. Rf1 b4 23. e5 bxc3 24. exf6 g5 25. Qf2 c2 26. Kg2 Qd1 0-1

[Event "BL2-Nord 0304"]
[Site "Germany"]
[Date "2004.??.??"]
[Round "?.2"]
[White "Schilow, Wladimir"]
[Black "Voigt, Roland"]
[Result "0-1"]
[WhiteElo "2430"]
[BlackElo "2380"]
[PlyCount "156"]
[EventDate "2003.10.??"]
[EventType "team-tourn"]
[EventRounds "9"]
[EventCountry "GER"]
[SourceTitle "CBM 100 Extra"]
[Source "ChessBase"]
[SourceDate "2004.07.06"]
[SourceVersion "2"]
[SourceVersionDate "2004.07.06"]
[SourceQuality "1"]
[WhiteTeam "Kreuzberg"]
[BlackTeam "Leipzig Gohlis"]
[WhiteTeamCountry "GER"]
[BlackTeamCountry "GER"]

1. e4 c5 2. Nc3 a6 3. g3 b5 4. Bg2 Bb7 5. d3 e6 6. Nh3 d6 7. 0-0 Nf6 8. f4 b4 9. e5 Bxg2 10. Kxg2 bxc3 11. exf6 gxf6 12. f5 cxb2 13. Bxb2 e5 14. Nf4 Nd7 15. Ne6 Qb6 16. Qf3 Rb8 17. Bc3 Qb7 18. Qxb7 Rxb7 19. Nxf8 Rxf8 20. Rab1 Rxb1 21. Rxb1 Ke7 22. Kf3 d5 23. Ba5 Rc8 24. Rb7 c4 25. Bc7 cxd3 26. cxd3 Ra8 27. Ba5 Kd6 28. g4 Rc8 29. Ra7 Rc2 30. Rxa6+ Kc5 31. h4 Kd4 32. Rd6 e4+ 33. dxe4 Ne5+ 34. Kf4 Rf2+ 35. Kg3 Rxa2 36. Rxd5+ Kxe4 37. Rc5 Ra3+ 38. Bc3 Nf3 39. Bxf6 Ne5+ 40. Kg2 Nxg4 41. Bg5 Ne5 42. f6 Kf5 43. Rb5 Ra8 44. Bc1 Kxf6 45. Bb2 Re8 46. Kg3 Kf5 47. Rb7 Rf8 48. h5 h6 49. Kh3 f6 50. Rh7 Nd3 51. Bd4 Nf4+ 52. Kh2 Nxh5 53. Rxh6 Kg5 54. Be3+ Kg4 55. Kg2 Rg8 56. Kf2 f5 57. Bd4 Ng3 58. Be5 Ne4+ 59. Ke3 Re8 60. Kd4 Ng5 61. Bf6 Nf3+ 62. Kd3 f4 63. Bc3 Nh4 64. Bd4 Rd8 65. Rh8 Rd6 66. Ke4 f3 67. Rg8+ Ng6 68. Bc5 Re6+ 69. Kd3 Kh3 70. Ba7 Nf4+ 71. Kd2 Re2+ 72. Kd1 Nd5 73. Rh8+ Kg4 74. Rg8+ Kf4 75. Rf8+ Ke4 76. Re8+ Kd3 77. Rd8 Re5 78. Bb8 f2 0-1

[Event "Berlin Lichtenberger Sommer 2nd"]
[Site "Berlin"]
[Date "2003.08.19"]
[Round "4.4"]
[White "Jaeger, Andre"]
[Black "Schilow, Wladimir"]
[Result "1-0"]
[WhiteElo "1961"]
[BlackElo "2423"]
[PlyCount "91"]
[EventDate "2003.08.16"]
[EventType "swiss"]
[EventRounds "9"]
[EventCountry "GER"]
[SourceTitle "EXT 2022"]
[Source "ChessBase"]
[SourceDate "2021.10.06"]
[SourceVersion "1"]
[SourceVersionDate "2021.10.06"]
[SourceQuality "1"]

1. d4 e6 2. c4 Bb4+ 3. Bd2 Qe7 4. a3 Bxd2+ 5. Nxd2 d6 6. e4 e5 7. d5 Nh6 8. Ngf3 a5 9. b4 0-0 10. Bd3 Bg4 11. 0-0 Na6 12. Rb1 g6 13. Qc2 b6 14. Rfc1 f5 15. h3 Bh5 16. Be2 Qg7 17. c5 bxc5 18. Bxa6 Rxa6 19. Ng5 Rfa8 20. Ne6 Qe7 21. bxc5 R6a7 22. c6 Be2 23. Nc4 Bxc4 24. Qxc4 Rc8 25. Rb7 Raa8 26. f4 exf4 27. exf5 Nxf5 28. Qxf4 Ng7 29. Re1 Nxe6 30. Rxe6 Qf7 31. Qxf7+ Kxf7 32. Rxd6 a4 33. Rd7+ Kf6 34. Rbxc7 Re8 35. Rxh7 Ke5 36. Rcd7 Kd4 37. Rhg7 Kc5 38. Rxg6 Re5 39. Rgd6 Rc8 40. Rd8 Re3 41. Rxc8 Kxd6 42. Rd8+ Kc7 43. Rd7+ Kc8 44. d6 Rc3 45. Rc7+ Kd8 46. h4 1-0